Statistics for Countries Without Vowels Quiz #06

Click here to take the quiz!

General Stats

  • This quiz has been taken 19 times
  • The average score is 13 of 14

Answer Stats

Countries (No Vowels)Countries% Correct
BSN ND HRZGVNBosnia and Herzegovina
100%
GRMNYGermany
100%
KZKHSTNKazakhstan
100%
LSTHLesotho
100%
SR LNKSri Lanka
100%
YMNYemen
100%
ZMBZambia
100%
CNTRL FRCN RPBLCCentral African Republic
94%
RMNRomania
94%
TRNDD ND TBGTrinidad and Tobago
94%
NTG ND BRBDAntigua and Barbuda
88%
GRNDGrenada
88%
SRLIsrael
71%
GNGuinea
59%

Score Distribution

Percentile by Number Answered

Percent of People with Each Score

Your Score History

You have not taken this quiz